Central Library OPAC University of Rajshahi

Japan's dynamic efficiency in the global market : (Record no. 58905)

MARC details
000 -LEADER
fixed length control field 00940nam a2200265 a 4500
001 - CONTROL NUMBER
control field 58905
003 - CONTROL NUMBER IDENTIFIER
rucl marc code BD-RjUL
005 - DATE AND TIME OF LATEST TRANSACTION
control field 20211209080653.0
008 - FIXED-LENGTH DATA ELEMENTS--GENERAL INFORMATION
fixed length control field 161220s1991 nyu b 001 0 eng
020 ## - INTERNATIONAL STANDARD BOOK NUMBER
International Standard Book Number 0899305563 (alk. paper)
035 ## - SYSTEM CONTROL NUMBER
System control number (BD-RjUL) 59029
040 ## - CATALOGING SOURCE
Original cataloging agency DLC
Transcribing agency DLC
Modifying agency DLC
-- BD-RjUL
Language of cataloging eng
041 ## - LANGUAGE CODE
Language code of text/sound track or separate title eng
082 00 - DEWEY DECIMAL CLASSIFICATION NUMBER
Classification number 337.52
Edition number 23
Author mark and year TUJ 1991
100 1# - MAIN ENTRY--PERSONAL NAME
Personal name Turner, Charlie G.
9 (RLIN) 175157
245 10 - TITLE STATEMENT
Title Japan's dynamic efficiency in the global market :
Remainder of title trade, investment and economic growth /
Statement of responsibility, etc. Charlie G. Turner ; foreword by Dale W. Jorgenson.
260 ## - PUBLICATION, DISTRIBUTION, ETC. (IMPRINT)
Place of publication, distribution, etc. New York :
Name of publisher, distributor, etc. Quorum Books,
Date of publication, distribution, etc. c1991.
300 ## - PHYSICAL DESCRIPTION
Pagination xiv, 176 p. ;
Size 25 cm.
504 ## - BIBLIOGRAPHY, ETC. NOTE
Bibliography, etc Includes bibliographical references (p. [167]-172) and index.
650 #0 - SUBJECT ADDED ENTRY--TOPICAL TERM
Topical term or geographic name as entry element Investments, Japanese.
9 (RLIN) 175158
Topical term or geographic name as entry element Investments, Foreign
Geographic subdivision Japan.
9 (RLIN) 175159
651 #0 - SUBJECT ADDED ENTRY--GEOGRAPHIC NAME
Geographic name Japan
General subdivision Commerce.
9 (RLIN) 175160
Geographic name Japan
General subdivision Economic conditions
Chronological subdivision 1989-
9 (RLIN) 172640
942 ## - ADDED ENTRY ELEMENTS (KOHA)
Source of classification or shelving scheme Dewey Decimal Classification
Koha item type Books
Holdings
Lost status Source of classification or shelving scheme Damaged status Not for loan Collection code Permanent Location Current Location Shelving location Date acquired Total Checkouts Full call number Date last seen Copy number Koha item type
  Dewey Decimal Classification   Not For Loan Non-fiction Central Library, University of Rajshahi Central Library, University of Rajshahi Reading Room 03/03/1996   337.52 TUJ 1991 20/12/2016 C-1 Books